ARRUPE JESUIT UNIVERSITY

CORONAVIRUS -STOP THE SPREAD - CLEAN,DISINFECT,COVER

The man called James Corboy: (Record no. 130192)

MARC details
000 -LEADER
fixed length control field 00395nam a22001217a 4500
008 - FIXED-LENGTH DATA ELEMENTS--GENERAL INFORMATION
fixed length control field 200124b ||||| |||| 00| 0 eng d
050 ## - LIBRARY OF CONGRESS CALL NUMBER
Classification number BX3756.C71.D923
100 ## - MAIN ENTRY--PERSONAL NAME
Personal name Dunne, Cathrine
9 (RLIN) 49075
245 ## - TITLE STATEMENT
Title The man called James Corboy:
Remainder of title Irish Jesuit of Monze, Zambia
Statement of responsibility, etc / by Cathrine Dunne
260 ## - PUBLICATION, DISTRIBUTION, ETC. (IMPRINT)
Place of publication, distribution, etc Dublin:
Name of publisher, distributor, etc Messenger Publications,
Date of publication, distribution, etc 2012
300 ## - PHYSICAL DESCRIPTION
Extent 154p.
Dimensions 23cm.
942 ## - ADDED ENTRY ELEMENTS (KOHA)
Source of classification or shelving scheme Library of Congress Classification
Item type Monograph ( Printed materials)
Holdings
Withdrawn status Lost status Source of classification or shelving scheme Damaged status Not for loan Collection code Home library Current library Shelving location Date acquired Total Checkouts Full call number Barcode Date last seen Date last borrowed Price effective from Koha item type
    Library of Congress Classification     Main Collection ARRUPE LIBRARY ARRUPE LIBRARY Main Collection 24/01/2020 1 BX3756.C71.D923 46410920 11/02/2020 24/01/2020 24/01/2020 Monograph ( Printed materials)

 

Arrupe Library. PO Box MP320 Mt Pleasant, Harare, Zimbabwe
263 242 745411|librarian@aju.ac.zw